000 00558nam a22001937a 4500
999 _c170884
_d170884
005 20191227171958.0
010 _a780024
020 _cN.A.
_a-
035 _a780024
037 _bBPPD
082 _a841
100 _aسجا د حسين
245 _aمّنو ی مو لو ی معنو ی
_cسجا د حسين
246 _aMasnavi Moulvi Maanvi (Urdu)
_bby Sajjad Hussain
260 _aDelhi
_c1976 ء
_bSub Raang Kitab Ghar
270 _aDelhi
_bDelhi
_k-
_e-
300 _a407 ص
_c22 cm(hb)
942 _2ddc
_cUR
_h841
_mر و م